|
|
|
|
| LEADER |
00000nam0a2200000 4500 |
| 001 |
188142 |
| 005 |
20231031174753.0 |
| 035 |
|
|
|a (RuTPU)RU\TPU\book\204311
|
| 090 |
|
|
|a 188142
|
| 100 |
|
|
|a 20101202d1977 k y0rusy50 ca
|
| 101 |
0 |
|
|a rus
|
| 102 |
|
|
|a RU
|
| 105 |
|
|
|a a z 001zy
|
| 200 |
1 |
|
|a Минералогия, геохимия рудных месторождений Сибири
|f Всесоюзное минералогическое общество ; под ред. В. С. Соболева
|
| 210 |
|
|
|a Новосибирск
|c Западно-Сибирское книжное издательство
|d 1977
|
| 215 |
|
|
|a 100 с.
|c ил.
|
| 225 |
1 |
|
|a Труды ЗСОВМО
|v Вып. 6
|
| 320 |
|
|
|a Библиогр. в конце ст.
|
| 610 |
1 |
|
|a рудные месторождения
|
| 610 |
1 |
|
|a Сибирь
|
| 610 |
1 |
|
|a минералогия
|
| 610 |
1 |
|
|a геохимия
|
| 610 |
1 |
|
|a геохимия процессов
|
| 610 |
1 |
|
|a состав
|
| 610 |
1 |
|
|a золото
|
| 610 |
1 |
|
|a месторождения
|
| 610 |
1 |
|
|a зональность
|
| 610 |
1 |
|
|a минералогические исследования
|
| 610 |
1 |
|
|a геохимические исследования
|
| 675 |
|
|
|a 553.3/4
|v 3
|
| 702 |
|
1 |
|a Соболев
|b В. С.
|4 340
|
| 712 |
0 |
2 |
|a Всесоюзное минералогическое общество
|2 stltpush
|3 (RuTPU)RU\TPU\col\6861
|
| 801 |
|
1 |
|a RU
|b 63413507
|c 20101202
|
| 801 |
|
2 |
|a RU
|b 63413507
|c 20110118
|g RCR
|
| 942 |
|
|
|c BK
|